书目信息 |
| 题名: |
唐山统计年鉴。2013
|
|
| 作者: | 唐山市统计局 编 ;国家统计局唐山调查队 编 | |
| 分册: | ||
| 出版信息: | 北京 中国统计出版社 2013.09 |
|
| 页数: | 747页 | |
| 开本: | 20cm | |
| 丛书名: | ||
| 单 册: | ||
| 中图分类: | C832.223-54 | |
| 科图分类: | ||
| 主题词: | 统计资料--世界 | |
| 电子资源: | ||
| ISBN: | 7-5037-6957-2 | |
| 000 | 00780nam0 2200205 450 | |
| 001 | 2259417222 | |
| 005 | 20221010163207.37 | |
| 010 | @a7-5037-6957-2@dCNY280.00 | |
| 100 | @a20221010d2013 km y0chiy0120 ea | |
| 101 | 0 | @achi |
| 102 | @aCN@b110000 | |
| 200 | 1 | @a唐山统计年鉴。2013@ATang Shan Tong Ji Nian Jian。2013@f唐山市统计局,国家统计局唐山调查队编@FTang Shan Shi Tong Ji Ju,Guo Jia Tong Ji Ju Tang Shan Diao Cha Dui Bian |
| 210 | @a北京@c中国统计出版社@d2013.09 | |
| 215 | @a747页@d20cm | |
| 606 | 0 | @a统计资料@x世界 |
| 690 | @aC832.223-54@v4 | |
| 701 | 0 | @a唐山市统计局@ATang Shan Shi Tong Ji Ju@4编 |
| 711 | 02 | @a国家统计局唐山调查队@AGuo Jia Tong Ji Ju Tang Shan Diao Cha Dui@4编 |
| 801 | 0 | @aCN@b大连网信软件有限公司图书馆·11@c20221010 |
| 905 | @aZUCC@dC832.223-54@eZY21 | |
| 唐山统计年鉴。2013/唐山市统计局,国家统计局唐山调查队编.-北京:中国统计出版社,2013.09 |
| 747页;20cm |
| ISBN 7-5037-6957-2:CNY280.00 |
| ● |
| 相关链接 |
|
|
|
|
正题名:唐山统计年鉴。2013
索取号:C832.223-54/ZY21
 
预约/预借
| 序号 | 登录号 | 条形码 | 馆藏地/架位号 | 状态 | 备注 |
| 1 | 7905069 | 279050697 | 密集书库-资源管理系/ [索取号:C832.223-54/ZY21] | 在馆 |